[Event "Madrid-ch Seniors 65"]
[Site "Madrid"]
[Date "2019.01.23"]
[Round "3"]
[White "Fernandez Garcia, Ignacio"]
[Black "Quintero Cuervo, Edgar Alfredo"]
[Result "1-0"]
[WhiteElo "1769"]
[BlackElo "1557"]
[PlyCount "57"]
[EventDate "2019.01.21"]
[EventType "swiss"]
[EventRounds "7"]
[EventCountry "ESP"]
[SourceTitle "CBM 188 Extra"]
[Source "ChessBase"]
[SourceDate "2019.02.26"]
[SourceVersion "1"]
[SourceVersionDate "2019.02.26"]
[SourceQuality "1"]

1. e4 c5 2. Nf3 d6 3. Bc4 Nc6 4. c3 Nf6 5. d3 a6 6. Bb3 Bg4 7. h3 Bd7 8. g4 h6 9. Bf4 e5 10. Bg3 Na5 11. Bc2 Be7 12. Nbd2 Rc8 13. Qe2 Nc6 14. Nc4 b5 15. Ne3 g6 16. Bh4 b4 17. Bb3 bxc3 18. bxc3 Qa5 19. 0-0 Qxc3 20. Bxf6 Nd4 21. Nxd4 Bxf6 22. Nd5 Qxd4 23. Nxf6+ Ke7 24. Nxd7 Kxd7 25. Bxf7 g5 26. Rab1 Rb8 27. Qf3 Kc7 28. Rxb8 Kxb8 29. Rb1+ 1-0

[Event "Collado Villalba op-B 35th"]
[Site "Collado Villalba"]
[Date "2018.08.28"]
[Round "5"]
[White "Sanchez Rodenas, Jose Antonio"]
[Black "Quintero Cuervo, Edgar Alfredo"]
[Result "1-0"]
[WhiteElo "1623"]
[BlackElo "1558"]
[PlyCount "31"]
[EventDate "2018.08.24"]
[EventType "swiss"]
[EventRounds "9"]
[EventCountry "ESP"]
[SourceTitle "CBM 186 Extra"]
[Source "ChessBase"]
[SourceDate "2018.08.24"]
[SourceVersion "1"]
[SourceVersionDate "2018.08.24"]
[SourceQuality "1"]

1. d4 Nf6 2. c4 e6 3. Nc3 g6 4. e4 d6 5. Nf3 Bg7 6. Bg5 h6 7. Bh4 g5 8. Bg3 Nh5 9. Be2 c5 10. dxc5 Bxc3+ 11. bxc3 Qa5 12. Ne5 dxc5 13. Qd3 Nxg3 14. hxg3 Bd7 15. f4 Qc7 16. Bh5 1-0

[Event "Tres Cantos op 10th"]
[Site "Tres Cantos"]
[Date "2018.06.24"]
[Round "4.51"]
[White "Cerioni Serret, Luca"]
[Black "Quintero Cuervo, Edgar Alfredo"]
[Result "1-0"]
[WhiteElo "1426"]
[BlackElo "1575"]
[PlyCount "60"]
[EventDate "2018.06.21"]
[EventType "swiss"]
[EventRounds "9"]
[EventCountry "ESP"]
[SourceTitle "EXT 2024"]
[Source "ChessBase"]
[SourceDate "2023.10.10"]
[SourceVersion "1"]
[SourceVersionDate "2023.10.10"]
[SourceQuality "1"]

1. e4 c5 2. Nc3 d6 3. f4 Nc6 4. Nf3 e6 5. Bc4 a6 6. d4 cxd4 7. Nxd4 Be7 8. 0-0 Nf6 9. Nxc6 bxc6 10. e5 Nd5 11. exd6 Bxd6 12. Ne4 Be7 13. Bd3 f5 14. Ng5 Bxg5 15. fxg5 g6 16. b3 Qb6+ 17. Rf2 Ne3 18. Bxe3 Qxe3 19. Bc4 Ke7 20. Qe1 Qxe1+ 21. Rxe1 Re8 22. Rfe2 Kf7 23. Re5 a5 24. Rc5 Bd7 25. Ree5 Ke7 26. Rxa5 Rxa5 27. Rxa5 Kd6 28. Kf2 e5 29. b4 e4 30. Ke3 Re5 1-0

[Event "Tres Cantos op 10th"]
[Site "Tres Cantos"]
[Date "2018.06.21"]
[Round "1.20"]
[White "Quintero Cuervo, Edgar Alfredo"]
[Black "Varela la Madrid, Tilsia Carolin"]
[Result "0-1"]
[WhiteElo "1575"]
[BlackElo "2039"]
[PlyCount "56"]
[EventDate "2018.06.21"]
[EventType "swiss"]
[EventRounds "9"]
[EventCountry "ESP"]
[SourceTitle "EXT 2024"]
[Source "ChessBase"]
[SourceDate "2023.10.10"]
[SourceVersion "1"]
[SourceVersionDate "2023.10.10"]
[SourceQuality "1"]

1. e4 e5 2. d4 exd4 3. Nf3 c5 4. Bc4 Nc6 5. c3 Qe7 6. 0-0 d6 7. cxd4 Bg4 8. dxc5 0-0-0 9. Qb3 dxc5 10. Bd5 Nf6 11. Bxc6 bxc6 12. e5 Nd5 13. Nbd2 Qb7 14. Qa4 Bf5 15. a3 Be7 16. Nc4 Nb6 17. Nxb6+ axb6 18. Qf4 Be6 19. Ng5 Rd4 20. Qf3 Bd5 21. Qf5+ Qd7 22. Qxd7+ Kxd7 23. Be3 Rg4 24. f3 Bxg5 25. fxg4 Bxe3+ 26. Kh1 Bd4 27. Rad1 Ra8 28. Rd2 Ke6 0-1

[Event "Madrid-ch Seniors 65 1718"]
[Site "Madrid"]
[Date "2018.01.29"]
[Round "6"]
[White "Quintero Cuervo, Edgar Alfredo"]
[Black "Ortega Morales, Pedro"]
[Result "0-1"]
[WhiteElo "1557"]
[BlackElo "1825"]
[PlyCount "68"]
[EventDate "2018.01.22"]
[EventType "swiss"]
[EventRounds "7"]
[EventCountry "ESP"]
[SourceTitle "EXT 2020"]
[Source "ChessBase"]
[SourceDate "2019.10.17"]
[SourceVersion "1"]
[SourceVersionDate "2019.10.17"]
[SourceQuality "1"]

1. d4 Nf6 2. c4 c5 3. d5 b5 4. cxb5 a6 5. e3 Bb7 6. Nc3 g6 7. e4 d6 8. Qa4 Nfd7 9. bxa6 Bg7 10. Qb3 Bxa6 11. Be2 0-0 12. Nf3 Qc7 13. 0-0 Bxe2 14. Nxe2 Na6 15. Bd2 Rfb8 16. Qc4 Nb4 17. Nc3 Nb6 18. Qe2 c4 19. Nb5 Qc5 20. Bxb4 Qxb5 21. Bc3 Bxc3 22. bxc3 Na4 23. Rfc1 Qc5 24. Nd4 Rb2 25. Qe1 Nb6 26. Nc6 Kf8 27. Nb4 e6 28. Rab1 Rxb1 29. Rxb1 exd5 30. exd5 Nxd5 31. Qe4 Nc7 32. Na6 Rxa6 33. Rb8+ Kg7 34. Qe7 Ne6 0-1

[Event "San Sebastian de los Reyes op 19th"]
[Site "San Sebastian"]
[Date "2017.12.08"]
[Round "7"]
[White "Quintero Cuervo, Edgar Alfredo"]
[Black "Rodriguez Municio, Carmen"]
[Result "1-0"]
[WhiteElo "1566"]
[BlackElo "1213"]
[PlyCount "47"]
[EventDate "2017.12.02"]
[EventType "swiss"]
[EventRounds "9"]
[EventCountry "ESP"]
[SourceTitle "CBM 182 Extra"]
[Source "ChessBase"]
[SourceDate "2018.02.23"]
[SourceVersion "1"]
[SourceVersionDate "2018.02.23"]
[SourceQuality "1"]

1. d4 d5 2. c4 e6 3. Nf3 Nf6 4. Bg5 Be7 5. Nc3 b6 6. Ne5 Nbd7 7. Nc6 Bb7 8. Nxd8 Rxd8 9. e3 0-0 10. Bd3 Rfe8 11. Nb5 c6 12. Bxf6 Bxf6 13. Nd6 Re7 14. Nxb7 Rb8 15. Nd6 e5 16. Nf5 Ree8 17. h4 exd4 18. Kf1 dxe3 19. Nxe3 Bxb2 20. Rb1 Bf6 21. cxd5 cxd5 22. Nxd5 Rbd8 23. Rh3 g6 24. h5 1-0

[Event "San Sebastian de los Reyes op 19th"]
[Site "San Sebastian"]
[Date "2017.12.04"]
[Round "3"]
[White "Quintero Cuervo, Edgar Alfredo"]
[Black "Gonzalez Morente, Jose A"]
[Result "1-0"]
[WhiteElo "1566"]
[BlackElo "1453"]
[PlyCount "111"]
[EventDate "2017.12.02"]
[EventType "swiss"]
[EventRounds "9"]
[EventCountry "ESP"]
[SourceTitle "CBM 182 Extra"]
[Source "ChessBase"]
[SourceDate "2018.02.23"]
[SourceVersion "1"]
[SourceVersionDate "2018.02.23"]
[SourceQuality "1"]

1. d4 d5 2. c4 e6 3. Nc3 Nf6 4. Bg5 Be7 5. Nf3 0-0 6. e3 h6 7. Bh4 Nbd7 8. cxd5 exd5 9. Rc1 c6 10. Bd3 Re8 11. 0-0 Nf8 12. a3 Bg4 13. h3 Bh5 14. Nb1 Ne4 15. Bxe7 Qxe7 16. Rc2 Ne6 17. Nbd2 N6g5 18. Be2 Nxd2 19. Rxd2 Ne4 20. Rc2 Bg6 21. b4 Rac8 22. Ne5 Bh7 23. Bh5 Nd6 24. Be2 Bxc2 25. Qxc2 Ne4 26. Bd3 a5 27. bxa5 Qxa3 28. Bxe4 dxe4 29. Nc4 Qe7 30. Qb3 Rc7 31. Rc1 Qe6 32. Qb6 Ree7 33. Nd2 f5 34. Nb3 Qc8 35. Nc5 Kh7 36. g3 g5 37. Kg2 h5 38. Qb3 h4 39. Qc4 Qg8 40. Qe2 Kg6 41. g4 f4 42. exf4 gxf4 43. Nxe4 Qd5 44. f3 Qxd4 45. Rd1 Qe3 46. Rd6+ Kf7 47. Qa2+ Kf8 48. Rf6+ Rf7 49. Rh6 Rh7 50. Rf6+ Rcf7 51. Re6 Re7 52. Rf6+ Ref7 53. Re6 c5 54. Ng5 Qe1 55. Nxh7+ Rxh7 56. Rxe1 1-0

[Event "San Sebastian de los Reyes op 19th"]
[Site "San Sebastian"]
[Date "2017.12.03"]
[Round "2"]
[White "Martin Rodriguez, Jose Luis"]
[Black "Quintero Cuervo, Edgar Alfredo"]
[Result "1-0"]
[WhiteElo "1293"]
[BlackElo "1566"]
[PlyCount "103"]
[EventDate "2017.12.02"]
[EventType "swiss"]
[EventRounds "9"]
[EventCountry "ESP"]
[SourceTitle "CBM 182 Extra"]
[Source "ChessBase"]
[SourceDate "2018.02.23"]
[SourceVersion "1"]
[SourceVersionDate "2018.02.23"]
[SourceQuality "1"]

1. c4 c5 2. Nc3 Nc6 3. Nf3 d6 4. g3 g6 5. Bg2 Bg7 6. 0-0 Nf6 7. d3 0-0 8. Re1 a6 9. a3 Rb8 10. Rb1 b5 11. cxb5 axb5 12. Bg5 h6 13. Bd2 b4 14. axb4 Nxb4 15. Qc1 Kh7 16. Ra1 Be6 17. d4 Bb3 18. Rf1 Nc2 19. Rb1 cxd4 20. Nd1 e5 21. Be1 e4 22. Nd2 d3 23. exd3 Nd4 24. Kh1 Bc2 25. Ra1 Bxd3 26. Ne3 Bxf1 27. Bxf1 Nd7 28. Nxe4 Nb3 29. Qd1 Nxa1 30. Qxa1 Bxb2 31. Qd1 Be5 32. f4 Bg7 33. h4 Nf6 34. Nf2 d5 35. g4 d4 36. Ng2 Qd5 37. Bd3 Rfe8 38. g5 Re3 39. gxf6 Rg3 40. Ne4 Rxd3 41. Qxd3 Rb3 42. Nc3 Bxf6 43. Nxd5 Rxd3 44. Nxf6+ Kg7 45. Ne4 Rd1 46. Kh2 Rb1 47. Kh3 d3 48. Nd2 Rb2 49. Ne3 Ra2 50. Kg3 f5 51. Nec4 Kf6 52. Bf2 1-0

[Event "Madrid-ch Previa-A"]
[Site "Madrid"]
[Date "2014.02.04"]
[Round "2"]
[White "Quintero Cuervo, Edgar Alfredo"]
[Black "Perez Cameselle, Francisco Jose"]
[Result "0-1"]
[WhiteElo "1651"]
[BlackElo "1895"]
[PlyCount "84"]
[EventDate "2014.02.03"]
[EventType "swiss"]
[EventRounds "9"]
[EventCountry "ESP"]
[SourceTitle "EXT 2015"]
[Source "ChessBase"]
[SourceDate "2014.11.20"]
[SourceVersion "1"]
[SourceVersionDate "2014.11.20"]
[SourceQuality "1"]

1. d4 e6 2. c4 f5 3. Nf3 Nf6 4. Bg5 Bb4+ 5. Nc3 0-0 6. a3 Bxc3+ 7. bxc3 d6 8. Nd2 h6 9. Bxf6 Qxf6 10. e3 Nd7 11. Be2 e5 12. f4 exf4 13. exf4 Qe7 14. Nf3 Re8 15. Qd2 Nf6 16. Ra2 Bd7 17. 0-0 Qe3+ 18. Qxe3 Rxe3 19. c5 Rxc3 20. Rd1 dxc5 21. Ne5 cxd4 22. Rxd4 Be6 23. Rb2 Rc1+ 24. Rd1 Rxd1+ 25. Bxd1 Rd8 26. Bf3 b6 27. Nc6 Rd3 28. Nxa7 Rxa3 29. Nb5 Ra1+ 30. Kf2 Rc1 31. Re2 Bc4 32. Re5 Bxb5 33. Rxb5 g6 34. Rb2 Kf7 35. Ra2 Ke7 36. Ke3 Kd6 37. Ra8 b5 38. Rh8 b4 39. Kd2 Rc5 40. Bd1 Ne4+ 41. Ke1 Rc1 42. Rd8+ Ke7 0-1